000
00335nam a22001457a 4500
008
230207b ||||| |||| 00| 0 eng d
020
_a
9780534382124
041
_a
eng
080
_2
FIFTH EDITION
_a
51
082
_a
51SWO
100
_a
20
101
_a
MATEM
245
_a
CALCULUS THE CLASSIC EDITION
_c
SWOKOWSKI
942
_2
udc
_c
BK
999
_c
59330
_d
59330